谁是恶霸?:校园智囊团

Shranjeno v:
Bibliografske podrobnosti
Format: Knjiga
Izdano: 花山文艺出版社
Oznake: Označite
Brez oznak, prvi označite!
LEADER 01088cam a22002057a 4500
001 (Sirsi) i9787551104562
005 20190330181917.0
008 190219n xx ||||||||||||||||| |d
020 |a 9787551104562 
040 |a SMLIBRARY  |b eng  |c SMLIBRARY  |e AACR2 
245 0 |a 谁是恶霸?:校园智囊团 
260 |b 花山文艺出版社 
901 |a J ZHZ  |i BK10019537D  |m SMLIBRARY  |l JUNIOR  |t BOOK  |p 30.04  |x JUNIOR  |z JFIC  |u 22/11/2013 
903 |a  SMLNEWITEM, SMLPOPULAR 
904 |a 1 
942 |2 ddc  |c BOOK 
952 |0 0  |1 0  |2 ddc  |4 0  |6 J_ZHZ  |7 0  |8 JUNIOR | JFIC  |9 55621  |a SMLIBRARY  |b SMLIBRARY  |c JUNIOR  |d 2013-11-22  |g 30.05  |l 1  |o J ZHZ  |p BK10019537D  |r 2019-08-04 00:00:00  |s 2019-07-28  |t 1  |v 30.05  |w 2019-06-25  |y JRBOOK 
952 |0 0  |1 0  |2 ddc  |4 0  |6 J_ZHZ  |7 0  |8 JUNIOR | JFIC  |9 55622  |a SMLIBRARY  |b SMLIBRARY  |c JUNIOR  |d 2013-11-22  |g 19.15  |l 5  |o J ZHZ  |p BK10031821E  |r 2019-12-18 00:00:00  |s 2019-11-30  |t 1  |v 19.15  |w 2019-06-25  |y JRBOOK 
952 |0 0  |1 0  |2 ddc  |4 0  |6 J_ZHZ  |7 0  |8 JUNIOR | JFIC  |9 55623  |a SMLIBRARY  |b SMLIBRARY  |c JUNIOR  |d 2014-03-02  |g 30.05  |l 0  |o J ZHZ  |p BK10031820D  |r 2019-03-30 00:00:00  |t 2  |v 30.05  |w 2019-06-25  |y JRBOOK 
999 |c 47209  |d 47209